| 000 | 00916nam a2200301Ia 4500 | ||
|---|---|---|---|
| 001 | Z_2506 | ||
| 003 | CHAP | ||
| 008 | 220113s1998 xx 000 0 und d | ||
| 010 | _a165563 | ||
| 020 | _a970-10-1644-0 \ 0-471-59913-1 (obra original) | ||
| 040 | _cCHAP | ||
| 082 | _a574 K37b | ||
| 100 |
_aKarp, Gerald _962752 |
||
| 245 |
_aBiología celular y molecular: conceptos y experimentos / _cGerald Karp; traducción José Pérez Gómez |
||
| 260 |
_aMéxico : _bMc Graw-Hill, _c1998 |
||
| 300 | _a805 p. | ||
| 500 | _aTraducido de la obra en inglés: Cell and molecular biology: comcepts and experiments | ||
| 503 | _aej.1: 194991 \ ej.2: 194992 \ ej.3: 194993 \ ej.4: 222690 | ||
| 650 |
_aBiología _912773 |
||
| 650 |
_aCitología _923489 |
||
| 700 |
_aPérez Gómez, José, tr. _9139485 |
||
| 901 | _a574 K37B | ||
| 902 | _aM | ||
| 910 | _a1998 | ||
| 942 | _c1 | ||
| 942 | _cc1 | ||
| 999 |
_c165563 _d165563 |
||